A modern művészet értelmezése a mai naturalista pszichológiákban

Elmentve itt :
Bibliográfiai részletek
Szerző: Pléh Csaba
Dokumentumtípus: Könyv része
Megjelent: Szeged Humanities Press Szeged 2024
Sorozat:Litterae Humaniores 2
Entartete Kunst, avagy az elfajzott művészet : tanulmányok Max Nordau halálának századik évfordulója alkalmából 2
Kulcsszavak:Képzőművészet - 20. sz., Pszichológia - kognitív - 20. sz.
Tárgyszavak:
Online Access:http://acta.bibl.u-szeged.hu/86404
LEADER 01082naa a2200253 i 4500
001 acta86404
005 20250210101605.0
008 250210s2024 hu o 000 hun d
020 |a 978-963-688-018-7 
022 |a 3057-9929 
040 |a SZTE Egyetemi Kiadványok Repozitórium  |b hun 
041 |a hun 
100 1 |a Pléh Csaba 
245 1 2 |a A modern művészet értelmezése a mai naturalista pszichológiákban  |h [elektronikus dokumentum] /  |c  Pléh Csaba 
260 |a Szeged Humanities Press  |b Szeged  |c 2024 
300 |a 197-207 
490 0 |a Litterae Humaniores  |v 2 
490 0 |a Entartete Kunst, avagy az elfajzott művészet : tanulmányok Max Nordau halálának századik évfordulója alkalmából  |v 2 
650 4 |a Társadalomtudományok 
650 4 |a Pszichológia 
650 4 |a Bölcsészettudományok 
650 4 |a Művészetek (művészetek, művészettörténet, előadóművészetek, zene) 
695 |a Képzőművészet - 20. sz., Pszichológia - kognitív - 20. sz. 
856 4 0 |u http://acta.bibl.u-szeged.hu/86404/1/litterae_humaniores_002_197-207.pdf  |z Dokumentum-elérés